Numerical computation of internal and external flows : Volume 1 : fundamentals of numerical discretization (Record no. 81518)

MARC details
000 -LEADER
fixed length control field 01407nam a2200217 a 4500
008 - FIXED-LENGTH DATA ELEMENTS--GENERAL INFORMATION
fixed length control field 190822s1988 ||||||||||||||||| || u
020 ## - INTERNATIONAL STANDARD BOOK NUMBER
International Standard Book Number 9780471923855
050 ## - LIBRARY OF CONGRESS CALL NUMBER
Classification number TA 357 Hir
100 ## - MAIN ENTRY--PERSONAL NAME
Personal name Hirsch, Charles
245 10 - TITLE STATEMENT
Title Numerical computation of internal and external flows : Volume 1 : fundamentals of numerical discretization
Statement of responsibility, etc By Charles Hirsch
260 ## - PUBLICATION, DISTRIBUTION, ETC. (IMPRINT)
Place of publication, distribution, etc Chichester
Name of publisher, distributor, etc John Wiley & Sons
Date of publication, distribution, etc 1988
300 ## - PHYSICAL DESCRIPTION
Extent xix, 515 pages : illustrations
650 #0 - SUBJECT ADDED ENTRY--TOPICAL TERM
Topical term or geographic name as entry element COMPUTATIONAL FLUID DYNAMICS
650 ## - SUBJECT ADDED ENTRY--TOPICAL TERM
Topical term or geographic name as entry element FLUID DYNAMICS
650 ## - SUBJECT ADDED ENTRY--TOPICAL TERM
Topical term or geographic name as entry element FLUID DYNAMICS--MATHEMATICAL MODELS
995 ## - RECOMMENDATION 995 [LOCAL, UNIMARC FRANCE]
-- 192.89
-- CBU-MAIN LIBRARY (Kitwe)
-- 4
-- AVAILABLE
-- Aug 26, 2019
-- Main Library Open Access Collection
995 ## - RECOMMENDATION 995 [LOCAL, UNIMARC FRANCE]
-- 192.89
-- CBU-MAIN LIBRARY (Kitwe)
-- 5
-- AVAILABLE
-- Aug 26, 2019
-- Main Library Open Access Collection
995 ## - RECOMMENDATION 995 [LOCAL, UNIMARC FRANCE]
-- 192.89
-- CBU-MAIN LIBRARY (Kitwe)
-- 1
-- AVAILABLE
-- Aug 26, 2019
-- Main Library Open Access Collection
995 ## - RECOMMENDATION 995 [LOCAL, UNIMARC FRANCE]
-- 192.89
-- CBU-MAIN LIBRARY (Kitwe)
-- 2
-- AVAILABLE
-- Aug 26, 2019
-- Main Library Open Access Collection
995 ## - RECOMMENDATION 995 [LOCAL, UNIMARC FRANCE]
-- 192.89
-- CBU-MAIN LIBRARY (Kitwe)
-- 3
-- AVAILABLE
-- Aug 26, 2019
-- Main Library Open Access Collection
Holdings
Withdrawn status Lost status Source of classification or shelving scheme Damaged status Not for loan Permanent Location Current Location Shelving location Date acquired Total Checkouts Full call number Barcode Date last seen Copy number Price effective from Koha item type
          CBU-MAIN LIBRARY, KITWE. CBU-MAIN LIBRARY, KITWE.   09/05/2023   TA 357 Hir 749820 09/05/2023 1 09/05/2023 MONOGRAPH
          CBU-MAIN LIBRARY, KITWE. CBU-MAIN LIBRARY, KITWE.   09/05/2023   TA 357 Hir 749824 09/05/2023 2 09/05/2023 MONOGRAPH
          CBU-MAIN LIBRARY, KITWE. CBU-MAIN LIBRARY, KITWE.   09/05/2023   TA 357 Hir 749823 09/05/2023 3 09/05/2023 MONOGRAPH
          CBU-MAIN LIBRARY, KITWE. CBU-MAIN LIBRARY, KITWE.   09/05/2023   TA 357 Hir 749821 09/05/2023 4 09/05/2023 MONOGRAPH
          CBU-MAIN LIBRARY, KITWE. CBU-MAIN LIBRARY, KITWE.   09/05/2023   TA 357 Hir 749822 09/05/2023 5 09/05/2023 MONOGRAPH